[Event "WC-2021-T-00002"]
[Site "LSS email"]
[Date "2021.01.15"]
[Round "?"]
[White "Braun, Andreas"]
[Black "Ketelhoehn, Bernd"]
[Result "1-0"]
[WhiteElo "2447"]
[BlackElo "2373"]
[PlyCount "79"]
[EventDate "2021.01.15"]
[EventType "tourn (corr)"]
[EventRounds "10"]
[EventCountry "GER"]
[SourceTitle "Corr 2024"]
[Source "ChessBase"]
[SourceDate "2023.10.19"]
[SourceVersion "1"]
[SourceVersionDate "2023.10.19"]
[SourceQuality "1"]

1. Nf3 d5 2. g3 Nf6 3. Bg2 e6 4. 0-0 Be7 5. d3 0-0 6. Nbd2 c5 7. e4 Nc6 8. Re1 Qc7 9. Qe2 b5 10. a4 b4 11. exd5 Nxd5 12. Nc4 Bf6 13. h4 Ba6 14. Bg5 Rac8 15. Bxf6 Nxf6 16. Nce5 Bb7 17. c3 h6 18. Rac1 bxc3 19. bxc3 Nxe5 20. Nxe5 Bxg2 21. Kxg2 Nd5 22. Kg1 Rfd8 23. Qc2 Rb8 24. Nc4 Rb7 25. Rb1 Rdb8 26. Rxb7 Qxb7 27. Nd2 Qd7 28. Nc4 Qb7 29. Nd2 Qc8 30. Nc4 Qc7 31. Rc1 Rb7 32. a5 Qb8 33. Qd1 Rb3 34. Qe1 a6 35. Kg2 Qd8 36. Qe5 Nf6 37. Qe2 Qd5+ 38. Kg1 h5 39. Qd1 Rb8 40. Qe2 1-0

[Event "WC-2021-T-00002"]
[Site "LSS email"]
[Date "2021.01.15"]
[Round "?"]
[White "Braun, Andreas"]
[Black "Susla, Vitaliy"]
[Result "1/2-1/2"]
[WhiteElo "2447"]
[BlackElo "2314"]
[PlyCount "93"]
[EventDate "2021.01.15"]
[EventType "tourn (corr)"]
[EventRounds "10"]
[EventCountry "GER"]
[SourceTitle "Corr 2024"]
[Source "ChessBase"]
[SourceDate "2023.10.19"]
[SourceVersion "1"]
[SourceVersionDate "2023.10.19"]
[SourceQuality "1"]

1. e4 c5 2. Nc3 d6 3. g3 Nc6 4. Bg2 g6 5. d3 Bg7 6. f4 e6 7. Nf3 Nge7 8. 0-0 0-0 9. Be3 b6 10. Bf2 Bb7 11. Qd2 e5 12. Rae1 Nd4 13. Be3 Qd7 14. f5 f6 15. fxg6 hxg6 16. Nh4 g5 17. Nf5 Nexf5 18. exf5 d5 19. g4 Rad8 20. h4 gxh4 21. g5 Kf7 22. g6+ Ke7 23. Bxd4 cxd4 24. Ne2 h3 25. Bxh3 Rh8 26. Nf4 Qd6 27. Qg2 Rdg8 28. Bg4 Bh6 29. Qg3 Bg5 30. Nh5 Kd8 31. Kg2 Kc8 32. Rh1 Kb8 33. Rh3 Bc8 34. Qf3 Qb4 35. Kf1 Bb7 36. Qh1 Qxb2 37. g7 Rxh5 38. Rxh5 Rxg7 39. Rxg5 Rxg5 40. Qh8+ Bc8 41. Qxf6 Rxg4 42. Qxe5+ Kb7 43. Qxd5+ Kb8 44. Qd6+ Kb7 45. Qd5+ Kb8 46. Qd6+ Kb7 47. Qd5+ 1/2-1/2

[Event "WC-2021-T-00002"]
[Site "LSS email"]
[Date "2021.01.15"]
[Round "?"]
[White "Susla, Vitaliy"]
[Black "Braun, Andreas"]
[Result "1/2-1/2"]
[WhiteElo "2314"]
[BlackElo "2447"]
[PlyCount "86"]
[EventDate "2021.01.15"]
[EventType "tourn (corr)"]
[EventRounds "10"]
[EventCountry "GER"]
[SourceTitle "Corr 2024"]
[Source "ChessBase"]
[SourceDate "2023.10.19"]
[SourceVersion "1"]
[SourceVersionDate "2023.10.19"]
[SourceQuality "1"]

1. e4 c5 2. Nf3 Nc6 3. d4 cxd4 4. Nxd4 Nf6 5. Nc3 e5 6. Ndb5 d6 7. Bg5 a6 8. Na3 b5 9. Bxf6 gxf6 10. Nd5 Bg7 11. Bd3 Ne7 12. Nxe7 Qxe7 13. 0-0 0-0 14. c4 f5 15. Qf3 d5 16. cxd5 fxe4 17. Bxe4 Rb8 18. Rfd1 Qd7 19. d6 Rb6 20. Qd3 Rd8 21. Rac1 Bf8 22. Qg3+ Bg7 23. Qh4 Rxd6 24. Bxh7+ Kf8 25. Qb4 Bb7 26. Nc2 Qe7 27. Rxd6 Rxd6 28. Qe1 Qd8 29. Ne3 Bh6 30. h3 Bf4 31. Bf5 Rd4 32. Bg4 a5 33. Qc3 Kg8 34. b3 Rd2 35. Rc2 Rd3 36. Qc7 Qxc7 37. Rxc7 Bxe3 38. fxe3 Be4 39. Rc5 f5 40. Bf3 Bxf3 41. gxf3 f4 42. exf4 exf4 43. h4 Rd2 1/2-1/2

[Event "WC-2019-S-00001"]
[Site "LSS email"]
[Date "2019.08.28"]
[Round "?"]
[White "Braun, Andreas"]
[Black "Bubir, Alex"]
[Result "1/2-1/2"]
[WhiteElo "2457"]
[BlackElo "2496"]
[PlyCount "57"]
[EventDate "2019.09.01"]
[EventType "tourn (corr)"]
[EventRounds "12"]
[EventCountry "GER"]
[SourceTitle "Corr 2024"]
[Source "ChessBase"]
[SourceDate "2023.10.19"]
[SourceVersion "1"]
[SourceVersionDate "2023.10.19"]
[SourceQuality "1"]

1. Nf3 Nf6 2. b3 d5 3. Bb2 Bf5 4. g3 e6 5. Nh4 Be4 6. f3 Bg6 7. Bg2 c5 8. Nxg6 hxg6 9. f4 Be7 10. e3 Nc6 11. d3 Qc7 12. Nd2 e5 13. 0-0 exf4 14. exf4 0-0 15. Re1 Rfe8 16. Nf3 Rad8 17. Ne5 Nd4 18. c3 Nf5 19. c4 b6 20. Qf3 Bd6 21. cxd5 Bxe5 22. Bxe5 Qc8 23. Bxf6 gxf6 24. Rxe8+ Rxe8 25. Bh3 Nd4 26. Bxc8 Nxf3+ 27. Kf2 Nd4 28. Bg4 f5 29. Bf3 1/2-1/2

[Event "WC-2019-S-00001"]
[Site "LSS email"]
[Date "2019.08.28"]
[Round "?"]
[White "Braun, Andreas"]
[Black "Langer, Raimund"]
[Result "1/2-1/2"]
[WhiteElo "2457"]
[BlackElo "2454"]
[PlyCount "94"]
[EventDate "2019.09.01"]
[EventType "tourn (corr)"]
[EventRounds "12"]
[EventCountry "GER"]
[SourceTitle "Corr 2024"]
[Source "ChessBase"]
[SourceDate "2023.10.19"]
[SourceVersion "1"]
[SourceVersionDate "2023.10.19"]
[SourceQuality "1"]

1. Nf3 Nf6 2. b3 d5 3. Bb2 Bg4 4. g3 Nbd7 5. Bg2 c6 6. 0-0 e6 7. d3 Bd6 8. Nbd2 0-0 9. h3 Bh5 10. e4 e5 11. Qe1 Re8 12. Nh4 Qc7 13. Nf5 Bf8 14. Kh1 Rad8 15. a3 dxe4 16. dxe4 Nc5 17. f4 exf4 18. gxf4 Bg6 19. Ng3 Nh5 20. Nxh5 Bxh5 21. e5 f5 22. Nc4 Qf7 23. Bc3 Ne6 24. Bb4 g5 25. fxg5 f4 26. Bxf8 Rxf8 27. Nd6 Qg7 28. Be4 Kh8 29. Qh4 Qxg5 30. Qxg5 Nxg5 31. Rae1 Nxh3 32. Kg2 Ng5 33. Rh1 Bg4 34. Kf2 Rd7 35. Rh4 h5 36. Bg6 Nf3 37. Bxh5 Nxh4 38. Bxg4 Rg7 39. e6 Rxg4 40. e7 Rfg8 41. e8Q Rxe8 42. Rxe8+ Kg7 43. Kf1 Nf3 44. Ne4 b6 45. Ra8 Nd4 46. Rxa7+ Kg6 47. Ra6 Kf5 1/2-1/2

[Event "WC-2019-S-00001"]
[Site "LSS email"]
[Date "2019.08.28"]
[Round "?"]
[White "Langer, Raimund"]
[Black "Braun, Andreas"]
[Result "1/2-1/2"]
[WhiteElo "2454"]
[BlackElo "2457"]
[PlyCount "46"]
[EventDate "2019.09.01"]
[EventType "tourn (corr)"]
[EventRounds "12"]
[EventCountry "GER"]
[SourceTitle "Corr 2024"]
[Source "ChessBase"]
[SourceDate "2023.10.19"]
[SourceVersion "1"]
[SourceVersionDate "2023.10.19"]
[SourceQuality "1"]

1. e4 c6 2. d4 d5 3. e5 Bf5 4. Nf3 e6 5. Be2 Ne7 6. 0-0 c5 7. c4 Nbc6 8. Na3 a6 9. dxc5 d4 10. Qa4 Ng6 11. Rd1 d3 12. Be3 Be7 13. Nc2 Qc7 14. Bxd3 Bxd3 15. Rxd3 0-0 16. Re1 Rfd8 17. Rxd8+ Rxd8 18. Qb3 Rd7 19. h3 h6 20. Qa4 Rd8 21. Qb3 Rd7 22. Qa4 Rd8 23. Qb3 Rd7 1/2-1/2

[Event "WC-2017-T-00003"]
[Site "LSS email"]
[Date "2017.01.09"]
[Round "?"]
[White "Braun, Andreas"]
[Black "Frendzas, Panayotis"]
[Result "1/2-1/2"]
[WhiteElo "2457"]
[BlackElo "2540"]
[PlyCount "60"]
[EventDate "2017.01.15"]
[EventType "tourn (corr)"]
[EventRounds "10"]
[EventCountry "GER"]
[SourceTitle "Corr 2022"]
[Source "ChessBase"]
[SourceDate "2021.10.24"]
[SourceVersion "1"]
[SourceVersionDate "2021.10.24"]
[SourceQuality "1"]

1. c4 e5 2. g3 c6 3. Nf3 e4 4. Nd4 d5 5. cxd5 Qxd5 6. Nc2 Nf6 7. Nc3 Qe5 8. Bg2 Be7 9. Ne3 Na6 10. a3 0-0 11. b4 Re8 12. Bb2 Bf8 13. h4 h5 14. 0-0 Qe7 15. d3 exd3 16. Qxd3 Nc7 17. Rad1 Be6 18. Nf5 Bxf5 19. Qxf5 g6 20. Qc2 a5 21. Rb1 axb4 22. axb4 Ne6 23. e3 Qxb4 24. Ba1 Qe7 25. Qb2 Nc5 26. Nd5 cxd5 27. Qxf6 Qxf6 28. Bxf6 Ne4 29. Bxe4 dxe4 30. Rxb7 Bg7 1/2-1/2

[Event "WC-2015-S-00007"]
[Site "LSS email"]
[Date "2015.06.02"]
[Round "?"]
[White "Braun, Andreas"]
[Black "Bergmann, Michael"]
[Result "1/2-1/2"]
[WhiteElo "2455"]
[BlackElo "2532"]
[PlyCount "108"]
[EventDate "2015.06.10"]
[EventType "tourn (corr)"]
[EventRounds "12"]
[EventCountry "GER"]
[SourceTitle "Corr 2022"]
[Source "ChessBase"]
[SourceDate "2021.10.24"]
[SourceVersion "1"]
[SourceVersionDate "2021.10.24"]
[SourceQuality "1"]

1. c4 c6 2. g3 d5 3. Nf3 Bg4 4. Bg2 e6 5. cxd5 exd5 6. 0-0 Nf6 7. d3 Be7 8. h3 Bh5 9. Nbd2 0-0 10. b3 Re8 11. Bb2 a5 12. Nd4 Nfd7 13. g4 Bg6 14. f4 f6 15. a3 Na6 16. h4 Nc7 17. h5 Bf7 18. Nf5 Bf8 19. Rf3 Nb5 20. e4 Nd6 21. Nxd6 Bxd6 22. h6 gxh6 23. Kh1 a4 24. exd5 cxd5 25. b4 Nf8 26. f5 Nd7 27. Nf1 Rc8 28. Qd2 h5 29. gxh5 Kh8 30. Rh3 Rg8 31. Rc1 Rxc1 32. Qxc1 Ne5 33. h6 Ng4 34. Qd2 Bb8 35. Bd4 Be5 36. Bxe5 fxe5 37. Bf3 Qf6 38. Ng3 d4 39. Bxb7 Ne3 40. Qf2 Qg5 41. Bf3 Bb3 42. Ne4 Qxf5 43. Rh5 Qc8 44. Rg5 Rf8 45. Qh2 Rf4 46. Be2 Bd5 47. Qg3 Qc7 48. Rh5 Nf5 49. Qg2 Nxh6 50. Rxh6 Rxe4 51. dxe4 Qc1+ 52. Bf1 Qxh6+ 53. Kg1 Bb7 54. Qg3 Qg7 1/2-1/2

[Event "WC-2015-S-00007"]
[Site "LSS email"]
[Date "2015.06.02"]
[Round "?"]
[White "Braun, Andreas"]
[Black "Muhl, Patrick"]
[Result "1/2-1/2"]
[WhiteElo "2455"]
[BlackElo "2471"]
[PlyCount "72"]
[EventDate "2015.06.10"]
[EventType "tourn (corr)"]
[EventRounds "12"]
[EventCountry "GER"]
[SourceTitle "Corr 2022"]
[Source "ChessBase"]
[SourceDate "2021.10.24"]
[SourceVersion "1"]
[SourceVersionDate "2021.10.24"]
[SourceQuality "1"]

1. e4 c5 2. Nf3 d6 3. g3 Nf6 4. c3 Nc6 5. d3 e6 6. Bg2 Be7 7. 0-0 0-0 8. Qe2 b6 9. Na3 Bb7 10. Nc2 Qc7 11. Re1 a6 12. h4 Rac8 13. Nh2 Rfe8 14. h5 h6 15. f4 b5 16. g4 Nh7 17. Nf3 Qd8 18. Kh1 Nf6 19. Nh2 Rf8 20. Rg1 Nh7 21. Bf3 f6 22. Be3 Re8 23. d4 cxd4 24. cxd4 Nb8 25. Rgc1 Nd7 26. Nf1 Nb6 27. Ne1 e5 28. Rxc8 Bxc8 29. Rd1 exf4 30. Bxf4 d5 31. e5 Rf8 32. Be3 fxe5 33. dxe5 Ng5 34. Bxb6 Qxb6 35. Bxd5+ Kh8 36. Ne3 Nh3 1/2-1/2

[Event "WC-2015-S-00007"]
[Site "LSS email"]
[Date "2015.06.02"]
[Round "?"]
[White "Muhl, Patrick"]
[Black "Braun, Andreas"]
[Result "1/2-1/2"]
[WhiteElo "2471"]
[BlackElo "2455"]
[PlyCount "63"]
[EventDate "2015.06.10"]
[EventType "tourn (corr)"]
[EventRounds "12"]
[EventCountry "GER"]
[SourceTitle "Corr 2022"]
[Source "ChessBase"]
[SourceDate "2021.10.24"]
[SourceVersion "1"]
[SourceVersionDate "2021.10.24"]
[SourceQuality "1"]

1. d4 Nf6 2. c4 e6 3. Nf3 d5 4. Nc3 c6 5. Bg5 Nbd7 6. cxd5 exd5 7. e3 Be7 8. Qc2 Nh5 9. Bxe7 Qxe7 10. Be2 g6 11. 0-0 0-0 12. Rae1 Ndf6 13. Ne5 Ng7 14. a3 Bf5 15. Qd2 Nd7 16. Nxd7 Qxd7 17. b4 a6 18. f3 Rfe8 19. Na4 Qc7 20. Bd1 Re7 21. Nc3 Be6 22. e4 dxe4 23. fxe4 Bc4 24. Be2 Bxe2 25. Qxe2 Qb6 26. Qf2 Rd8 27. Rd1 f5 28. d5 Qxf2+ 29. Kxf2 Rd6 30. Rfe1 fxe4 31. dxc6 Rf6+ 32. Kg1 1/2-1/2

[Event "WC-2014-S-00001"]
[Site "LSS email"]
[Date "2014.01.13"]
[Round "?"]
[White "Baklanov, Valentin"]
[Black "Braun, Andreas"]
[Result "0-1"]
[WhiteElo "2383"]
[BlackElo "2457"]
[PlyCount "32"]
[EventDate "2018.02.10"]
[EventType "tourn (corr)"]
[EventRounds "12"]
[EventCountry "GER"]
[SourceTitle "Corr 2022"]
[Source "ChessBase"]
[SourceDate "2021.10.24"]
[SourceVersion "1"]
[SourceVersionDate "2021.10.24"]
[SourceQuality "1"]

1. d4 Nf6 2. Nf3 g6 3. c4 Bg7 4. g3 0-0 5. Bg2 d6 6. 0-0 Nbd7 7. Nc3 e5 8. e4 c6 9. h3 Qa5 10. Be3 exd4 11. Nxd4 Nb6 12. Nb3 Qh5 13. Qxh5 Nxh5 14. Nd2 Be6 15. Rfd1 Rfd8 16. Bf1 Bxc3 0-1

[Event "WC-2014-S-00001"]
[Site "LSS email"]
[Date "2014.01.13"]
[Round "?"]
[White "Braun, Andreas"]
[Black "Calugaru, Viorel"]
[Result "1/2-1/2"]
[WhiteElo "2457"]
[BlackElo "2449"]
[PlyCount "77"]
[EventDate "2018.02.10"]
[EventType "tourn (corr)"]
[EventRounds "12"]
[EventCountry "GER"]
[SourceTitle "Corr 2022"]
[Source "ChessBase"]
[SourceDate "2021.10.24"]
[SourceVersion "1"]
[SourceVersionDate "2021.10.24"]
[SourceQuality "1"]

1. c4 c5 2. Nc3 Nf6 3. e4 Nc6 4. g3 d6 5. Bg2 g6 6. Nge2 Bg7 7. 0-0 h5 8. h4 0-0 9. d3 a6 10. Rb1 Rb8 11. a4 e6 12. b3 Ng4 13. f3 Nge5 14. Kh1 Qc7 15. Be3 Bd7 16. Qd2 Qb6 17. Bh6 Bxh6 18. Qxh6 Qd8 19. Qd2 Qa5 20. d4 cxd4 21. Nxd4 Nxd4 22. Qxd4 Rfd8 23. Rfd1 Kh7 24. Qd2 Bc6 25. Ne2 Qxd2 26. Rxd2 Nd7 27. a5 Ne5 28. Rbd1 Be8 29. c5 d5 30. exd5 Rxd5 31. Rxd5 exd5 32. f4 Nc6 33. Bxd5 Nxa5 34. f5 Bc6 35. Bxc6 bxc6 36. Rd7 Rb7 37. fxg6+ Kxg6 38. Rd6+ Kh7 39. Nd4 1/2-1/2

[Event "WC-2011-F-00001"]
[Site "LSS email"]
[Date "2011.11.23"]
[Round "?"]
[White "Braun, Andreas"]
[Black "Laghetti, Gaetano"]
[Result "1/2-1/2"]
[WhiteElo "2403"]
[BlackElo "2402"]
[PlyCount "88"]
[EventDate "2011.12.01"]
[EventType "tourn (corr)"]
[EventRounds "14"]
[EventCountry "GER"]
[SourceTitle "Telechess CBM 163"]
[Source "ChessBase"]
[SourceDate "2014.11.11"]
[SourceVersion "2"]
[SourceVersionDate "2014.11.11"]
[SourceQuality "1"]

1. c4 Nf6 2. Nc3 e5 3. g3 d5 4. cxd5 Nxd5 5. Bg2 Nb6 6. Nf3 Nc6 7. 0-0 Be7 8. d3 0-0 9. Be3 Be6 10. Qc1 f6 11. Rd1 Nd4 12. Bxd4 exd4 13. Ne4 f5 14. Nc5 Bd5 15. Qc2 Bf6 16. a4 a5 17. Ne1 Ra7 18. Bxd5+ Qxd5 19. Qb3 Re8 20. Rd2 Qf7 21. Qxf7+ Kxf7 22. Nb3 Nc8 23. Nc2 Rd8 24. Na3 c6 25. Rc1 g6 26. Rdc2 Nb6 27. Ra1 Be7 28. Nc4 Nxc4 29. Rxc4 Ra6 30. Rc2 Rd5 31. Nd2 Bb4 32. Nc4 Ke6 33. Kf1 g5 34. Rac1 Kf6 35. Kg2 h5 36. h3 Rd8 37. Rf1 Re8 38. f4 Raa8 39. fxg5+ Kxg5 40. Rf4 Rad8 41. Kf1 Re6 42. Kf2 Rd7 43. Nb6 Rg7 44. Nc4 Rge7 1/2-1/2

[Event "WC-2011-F-00001"]
[Site "LSS email"]
[Date "2011.11.23"]
[Round "?"]
[White "Mueller, Klaus Detlef"]
[Black "Braun, Andreas"]
[Result "1/2-1/2"]
[WhiteElo "2411"]
[BlackElo "2403"]
[PlyCount "52"]
[EventDate "2011.12.01"]
[EventType "tourn (corr)"]
[EventRounds "14"]
[EventCountry "GER"]
[SourceTitle "Telechess CBM 163"]
[Source "ChessBase"]
[SourceDate "2014.11.11"]
[SourceVersion "2"]
[SourceVersionDate "2014.11.11"]
[SourceQuality "1"]

1. e4 c6 2. d4 d5 3. e5 Bf5 4. Nf3 e6 5. Be2 c5 6. Be3 cxd4 7. Nxd4 Ne7 8. c4 Nbc6 9. Qa4 a6 10. Nc3 dxc4 11. 0-0-0 Qc8 12. Nxf5 Nxf5 13. Bb6 Bb4 14. f4 0-0 15. Bf3 Nfe7 16. Rhf1 Rb8 17. g3 Ba5 18. Bxa5 b5 19. Qa3 b4 20. Qa4 Nxa5 21. Qxa5 bxc3 22. Qxc3 Qc5 23. Rd4 Nd5 24. Bxd5 exd5 25. Rfd1 Rfd8 26. f5 Qc8 1/2-1/2

[Event "ST-2011-0-00084"]
[Site "LSS email"]
[Date "2011.07.06"]
[Round "?"]
[White "Braun, Andreas"]
[Black "Ralls, Richard Nelson"]
[Result "1/2-1/2"]
[WhiteElo "2396"]
[BlackElo "2419"]
[PlyCount "45"]
[EventDate "2011.03.07"]
[EventType "tourn (corr)"]
[EventRounds "6"]
[EventCountry "GER"]
[SourceTitle "Telechess CBM 155"]
[Source "ChessBase"]
[SourceDate "2013.07.16"]
[SourceVersion "1"]
[SourceVersionDate "2013.07.16"]
[SourceQuality "1"]

1. c4 e5 2. Nc3 Nf6 3. Nf3 Nc6 4. a3 d5 5. cxd5 Nxd5 6. Qc2 Nxc3 7. dxc3 Be7 8. e4 Qd6 9. Bb5 Qg6 10. 0-0 Bh3 11. Ne1 0-0 12. Kh1 Be6 13. f4 exf4 14. Bxf4 Bd6 15. Bxd6 cxd6 16. Rd1 Rad8 17. Nf3 Ne5 18. Rd4 a6 19. Be2 Nc6 20. Rd2 d5 21. exd5 Qxc2 22. Rxc2 Bxd5 23. Kg1 1/2-1/2

[Event "LSS WC-2012-T-00002"]
[Site "LSS email"]
[Date "2010.12.19"]
[Round "?"]
[White "Dibley, Shane"]
[Black "Braun, Andreas"]
[Result "0-1"]
[WhiteElo "2269"]
[BlackElo "2403"]
[PlyCount "84"]
[EventDate "2010.12.18"]
[EventType "tourn (corr)"]
[EventRounds "10"]
[EventCountry "GER"]
[SourceTitle "Telechess CBM 161"]
[Source "ChessBase"]
[SourceDate "2014.07.16"]
[SourceVersion "1"]
[SourceVersionDate "2014.07.16"]
[SourceQuality "1"]

1. d4 Nf6 2. c4 g6 3. Nc3 Bg7 4. e4 d6 5. Nf3 0-0 6. Be2 e5 7. 0-0 Nbd7 8. Be3 Re8 9. d5 Nh5 10. g3 Bf8 11. Ne1 Ng7 12. Nd3 f5 13. f3 Be7 14. Qd2 Nf6 15. Kg2 c5 16. Nf2 Nfh5 17. Bh6 f4 18. Rab1 a5 19. a3 Bg5 20. Bxg5 Qxg5 21. g4 Nf6 22. Nb5 h5 23. Nxd6 hxg4 24. Rg1 gxf3+ 25. Kxf3 Qh6 26. Nxe8 Ngxe8 27. Qd3 Bh3 28. Nxh3 Qxh3+ 29. Kf2 Qxh2+ 30. Kf1 Kf7 31. Bf3 Nh5 32. Bxh5 Qxh5 33. Re1 Nf6 34. Qb3 g5 35. Re2 Re8 36. Qxb7+ Re7 37. Qc8 Qf3+ 38. Ke1 g4 39. Kd2 g3 40. Qf5 Qg4 41. Qxg4 Nxg4 42. Rh1 Kg6 0-1

[Event "LSS WC-2012-T-00002"]
[Site "LSS email"]
[Date "2010.12.19"]
[Round "?"]
[White "Felicio, Clairton"]
[Black "Braun, Andreas"]
[Result "1/2-1/2"]
[WhiteElo "2265"]
[BlackElo "2403"]
[PlyCount "47"]
[EventDate "2010.12.18"]
[EventType "tourn (corr)"]
[EventRounds "10"]
[EventCountry "GER"]
[SourceTitle "Telechess CBM 161"]
[Source "ChessBase"]
[SourceDate "2014.07.16"]
[SourceVersion "1"]
[SourceVersionDate "2014.07.16"]
[SourceQuality "1"]

1. d4 Nf6 2. c4 g6 3. Nc3 Bg7 4. e4 d6 5. Be2 0-0 6. Bg5 c5 7. d5 h6 8. Be3 e6 9. Nf3 exd5 10. cxd5 b5 11. Bxb5 Nxe4 12. Nxe4 Qa5+ 13. Qd2 Qxb5 14. Nxd6 Qa6 15. Nxc8 Rxc8 16. Qe2 Rd8 17. Bxc5 Rxd5 18. Be3 Ra5 19. Nd4 Nc6 20. Qxa6 Rxa6 21. Nxc6 Rxc6 22. Rb1 Ra6 23. a3 Rb8 24. Ke2 1/2-1/2